25 najbogatszych państw w Europie - Statystyki

Ogólne statystyki
  • Ten quiz został rozwiązany 621 razy
  • Średni wynik to 22 z 25
Statystyki odpowiedzi
PKB Państwo % Poprawnych
50 842 Niemcy
97%
53 867 Szwecja
95%
42 310 Wielka Brytania
95%
44 934 Francja
94%
32 559 Hiszpania
94%
74 822 Norwegia
94%
87 475 Szwajcaria
92%
43 582 Belgia
91%
50 339 Holandia
91%
24 237 Portugalia
91%
35 914 Włochy
91%
46 017 Finlandia
90%
105 803 Luksemburg
89%
56 444 Dania
88%
21 145 Grecja
87%
153 177 Monako
86%
47 290 Austria
85%
70 638 Irlandia
84%
98 432 Liechtenstein
84%
70 332 Islandia
83%
56 168 Andora
82%
27 536 Słowenia
78%
41 900 San Marino
77%
23 610 Estonia
71%
27 250 Malta
69%
Nie znaleziono quizów pasujących do podanych kryteriów
Rozkład punktacji
Procent ludzi z każdym wynikiem
Percentyl według liczby udzielonych odpowiedzi
Twoja historia wyników
Nie rozwiązałeś tego quizu